Normal view
MARC view
- Singh, J.
Entry Personal Name
001 - CONTROL NUMBER
- control field: 109221
003 - CONTROL NUMBER IDENTIFIER
- control field: NUST
005 - DATE AND TIME OF LATEST TRANSACTION
- control field: 20230217124016.0
008 - FIXED-LENGTH DATA ELEMENTS
- fixed length control field: 230217|| aca||aabn | a|a d
040 ## - CATALOGING SOURCE
- Original cataloging agency: NUST
- Transcribing agency: NUST
100 ## - HEADING--PERSONAL NAME
- Personal name: Singh, J.
670 ## - SOURCE DATA FOUND
- Source citation: Work cat.: (NUST)175400: Raol, J. R. 109219, Modelling and parameter estimation of dynamic systems /, c2004.
